The Transfer of Property Act 30th Edn. (Record no. 20782)

MARC details
000 -LEADER
fixed length control field 00341nam a22001337a 4500
008 - FIXED-LENGTH DATA ELEMENTS--GENERAL INFORMATION
fixed length control field 240805b |||||||| |||| 00| 0 eng d
020 ## - INTERNATIONAL STANDARD BOOK NUMBER
ISBN 9789395759984
100 ## - MAIN ENTRY--AUTHOR NAME
Personal name S. N. Shukla
245 ## - TITLE STATEMENT
Title The Transfer of Property Act 30th Edn.
250 ## - EDITION STATEMENT
Edition statement 30th
260 ## - PUBLICATION, DISTRIBUTION, ETC. (IMPRINT)
Place of publication Faridabad
Name of publisher Allahabad Law Agency
Year of publication 2024
300 ## - PHYSICAL DESCRIPTION
Number of Pages 607
942 ## - ADDED ENTRY ELEMENTS (KOHA)
Source of classification or shelving scheme Dewey Decimal Classification
Koha item type Books
Holdings
Accession Number Bill Date Source of acquisition Price effective from Koha item type Withdrawn / writtenoff status Damaged status Not for loan Permanent Location Current Location Shelving location Date acquired Lost/ Missing status department
LLB 1374 30-7-2024 ABD, Jammu 08/05/2024 Books     Not For Loan MIET Library, Jammu MIET Library, Jammu 202/5 08/02/2024   BBA LLB
LLB 1375 30-7-2024 ABD, Jammu 08/05/2024 Books       MIET Library, Jammu MIET Library, Jammu 186/4 08/02/2024   BBA LLB
LLB 1376 30-7-2024 ABD, Jammu 08/05/2024 Books       MIET Library, Jammu MIET Library, Jammu 186/4 08/02/2024   BBA LLB
LLB 1377 30-7-2024 ABD, Jammu 08/05/2024 Books       MIET Library, Jammu MIET Library, Jammu 186/4 08/02/2024   BBA LLB
LLB 1378 30-7-2024 ABD, Jammu 08/05/2024 Books       MIET Library, Jammu MIET Library, Jammu 186/4 08/02/2024   BBA LLB